• 首页
  • 本馆介绍
  • 公告通知
  • 最新文献
  • 馆藏检索
  • 电子资源
  • 读者导购
  • 参考咨询
  • 我的图书馆
  • 登录
  • 详细信息显示
  • 放入我的书架
  • 预约/预借图书
  • 作者相关作品
  • 分类相关作品
  • 丛书相关作品
  • 出版社相关作品

书目信息

  • 表格格式
  • 工作单格式
  • 卡片格式
题名:
学习中央一号文件政策解答一百题
    
 
作者: 柳梆 主编
分册:  
出版信息: 北京   新华出版社  1985
页数: 289页
开本: 19cm
丛书名:
单 册:
中图分类: D601
科图分类:
主题词: 政治--方针政策--中国
电子资源:
ISBN:
000 00660nam0 2200229 45
001 0185018717
005 20050328161741.7
010    @dCNY1.20
091    @a3203.075
100    @a19951013d1985 em y0chiy0121 ea
101 0  @achi
102    @aCN@b110000
105    @ay z 000yy
200 10 @a学习中央一号文件政策解答一百题@Axue xi zhong yang yi hao wen jian zheng ce jie da yi bai ti@f柳梆主编@FLiu Bang Zhu Bian
210    @a北京@c新华出版社@d1985
215    @a289页@d19cm
606 0  @a政治@x方针政策@x中国
690    @aD601@v3
701  0 @a柳梆@4主编
801  0 @aCN@b深圳图书馆@c20040421
801  2 @aCN@bNLC@c20040421
905    @dD601@e13@f1@b169140
    
    学习中央一号文件政策解答一百题/柳梆主编.-北京:新华出版社,1985
    289页;19cm
    
    
    ISBN :CNY1.20
    
●
相关链接 在E读中查询图书 在五车中查询图书 在当当中查询图书 在豆瓣中查询图书


正题名:学习中央一号文件政策解答一百题     索取号:D601/13         预约/预借

序号 登录号 条形码 馆藏地/架位号 状态 备注
1 0169139   000484149   密集书库/ [索取号:D601/13] 在馆    
2 0169140   002002479   密集书库/ [索取号:D601/13] 在馆    
3 0169141   000484158   第一样本阅览室/ [索取号:D601/13] 在馆    
唐山师范学院图书馆 欢迎您!
大连网信软件有限公司© 版权所有